[Event "Bialystok Zamenhof Memorial-C 35th"]
[Site "Bialystok"]
[Date "2017.12.28"]
[Round "3.23"]
[White "Marczukiewicz, Slawomir"]
[Black "Zelak, Wladyslaw"]
[Result "0-1"]
[WhiteElo "1468"]
[BlackElo "1735"]
[PlyCount "102"]
[EventDate "2017.12.27"]
[EventType "swiss"]
[EventRounds "9"]
[EventCountry "POL"]
[SourceTitle "EXT 2023"]
[Source "ChessBase"]
[SourceDate "2022.10.05"]
[SourceVersion "1"]
[SourceVersionDate "2022.10.05"]
[SourceQuality "1"]

1. Nf3 Nf6 2. d4 g6 3. c4 Bg7 4. Nc3 0-0 5. e4 d6 6. Be2 e5 7. d5 Nbd7 8. 0-0 Nc5 9. Nd2 a5 10. b3 Ne8 11. f3 f5 12. Qc2 f4 13. h3 Nf6 14. Ba3 b6 15. Bxc5 bxc5 16. Bd3 g5 17. Kh2 h5 18. Rh1 Bd7 19. Rag1 h4 20. Ra1 Nh5 21. Rhb1 Bh6 22. Bf1 Rf7 23. a3 Rg7 24. Rb2 Qf6 25. Qd1 Qg6 26. Nb5 Rb8 27. b4 axb4 28. axb4 cxb4 29. Rxb4 c6 30. dxc6 Bxc6 31. Rab1 Rgb7 32. Kg1 Bf8 33. R4b3 Rc8 34. Kh2 Nf6 35. Nc3 Rbc7 36. Rb8 Nd7 37. Rxc8 Rxc8 38. Nd5 Bxd5 39. cxd5 Qf6 40. Qa4 Qd8 41. Bb5 Nc5 42. Qd1 Qa5 43. Nc4 Qc3 44. Qd2 Qd4 45. Qxd4 exd4 46. Bc6 Be7 47. Kg1 Rd8 48. Kf1 Bf6 49. Ke2 Kg7 50. Ra1 d3+ 51. Kd1 Bxa1 0-1

[Event "Bialystok Zamenhof Memorial-C 35th"]
[Site "Bialystok"]
[Date "2017.12.27"]
[Round "2.10"]
[White "Kiolbasa, Damian"]
[Black "Marczukiewicz, Slawomir"]
[Result "1-0"]
[WhiteElo "1901"]
[BlackElo "1468"]
[PlyCount "63"]
[EventDate "2017.12.27"]
[EventType "swiss"]
[EventRounds "9"]
[EventCountry "POL"]
[SourceTitle "EXT 2023"]
[Source "ChessBase"]
[SourceDate "2022.10.05"]
[SourceVersion "1"]
[SourceVersionDate "2022.10.05"]
[SourceQuality "1"]

1. d4 Nf6 2. c4 g6 3. f3 Bg7 4. e4 d6 5. Ne2 0-0 6. Bg5 h6 7. Be3 b6 8. Qd2 Kh7 9. g4 c5 10. d5 e6 11. Nbc3 exd5 12. cxd5 Nbd7 13. Ng3 Ne5 14. Be2 Ba6 15. f4 Nc4 16. Bxc4 Bxc4 17. h3 Re8 18. g5 hxg5 19. f5 b5 20. Bxg5 b4 21. Nce2 Bxe2 22. Qxe2 Qd7 23. 0-0 Nxd5 24. Qg4 Nb6 25. Qh4+ Kg8 26. f6 Bh8 27. Rf4 Re5 28. Qh6 Rxg5 29. Qxg5 Qxh3 30. Rh4 Bxf6 31. Qxf6 Qxg3+ 32. Kh1 1-0

[Event "Bialystok Zamenhof Memorial-C 35th"]
[Site "Bialystok"]
[Date "2017.12.27"]
[Round "1.24"]
[White "Marczukiewicz, Slawomir"]
[Black "Tsesler, Yakau"]
[Result "1-0"]
[WhiteElo "1468"]
[BlackElo "1786"]
[PlyCount "64"]
[EventDate "2017.12.27"]
[EventType "swiss"]
[EventRounds "9"]
[EventCountry "POL"]
[SourceTitle "EXT 2023"]
[Source "ChessBase"]
[SourceDate "2022.10.05"]
[SourceVersion "1"]
[SourceVersionDate "2022.10.05"]
[SourceQuality "1"]

1. Nf3 d5 2. d4 Nf6 3. c4 e6 4. Bg5 c6 5. e3 Nbd7 6. cxd5 exd5 7. Nc3 Be7 8. Bd3 0-0 9. Qc2 h6 10. h4 Re8 11. 0-0-0 Nf8 12. Ne5 Bd6 13. f4 hxg5 14. hxg5 Ne4 15. Rh8+ Kxh8 16. Nxf7+ Kg8 17. Nxd8 Nxc3 18. bxc3 Rxd8 19. Rh1 Kf7 20. f5 c5 21. g6+ Ke7 22. g4 Kd7 23. Kb1 Kc7 24. c4 Bd7 25. dxc5 Be7 26. Qh2+ Kc8 27. Qf4 Bc6 28. g5 Nd7 29. Rh7 Rg8 30. f6 Nxf6 31. gxf6 gxf6 32. Bf5+ Kd8 1-0